Известия Государственной академии истории материальной культуры имени Н.Я.Марра. Fasc.88: La station aurigna cienne de Gagarino et les données nouvelles qu'elle fournit sur les rites magiques des chasseurs quaternaires (Запись № 4000559)

Подробности
000 -МАРКЕР
контрольное поле 01216nam2a22002531 4500
001 - ИДЕНТИФИКАТОР ЗАПИСИ
контрольное поле RU\NLR\INFOCOMM6\1000360444
005 - ИДЕНТИФИКАТОР ВЕРСИИ
контрольное поле 20250616232425.0
035 ## - ДРУГИЕ СИСТЕМНЫЕ НОМЕРА
Идентификатор записи (NLR Aleph) 002276386
100 ## - ДАННЫЕ ОБЩЕЙ ОБРАБОТКИ
Данные общей обработки 20031117d1934 |||y0rusy50 ca
101 0# - ЯЗЫК РЕСУРСА
Язык текста, звукозаписи и т.д. французский
102 ## - СТРАНА ПУБЛИКАЦИИ ИЛИ ПРОИЗВОДСТВА
Страна публикации российская федерация
105 ## - ПОЛЕ КОДИРОВАННЫХ ДАННЫХ: ТЕКСТОВЫЕ МАТЕРИАЛЫ, МОНОГРАФИЧЕСКИЕ
Кодированные данные о монографическом текстовом документе y |||||||||
200 1# - ЗАГЛАВИЕ И СВЕДЕНИЯ ОБ ОТВЕТСТВЕННОСТИ
Основное заглавие La station aurigna cienne de Gagarino et les données nouvelles qu'elle fournit sur les rites magiques des chasseurs quaternaires
Первые сведения об ответственности Zamjatnin S.
210 ## - ПУБЛИКАЦИЯ, РАСПРОСТРАНЕНИЕ И ДР.
Дата издания, распространения и т.д. 1934
Место издания, распространения и т.д. Б. м.
461 #0 - УРОВЕНЬ НАБОРА
Встроенное поле 001RU\NLR\INFOCOMM6\1000360360
-- 2001#$aИзвестия Государственной академии истории материальной культуры имени Н.Я.Марра$vFasc.88
Системный номер (АБИС) связанной записи 3999846
Автор Академия истории материальной культуры (Ленинград)
Место публикации М.
Дата публикации 1921-1936
Имя издателя, распространителя и т.д. Соцэкгиз
Заглавие Известия Государственной академии истории материальной культуры имени Н.Я.Марра
Номер тома Fasc.88
700 #1 - ИМЯ ЛИЦА - ПЕРВИЧНАЯ ОТВЕТСТВЕННОСТЬ
Начальный элемент ввода Zamjatnin
Часть имени, кроме начального элемента ввода S.
Код отношения Автор
801 #1 - ИСТОЧНИК ЗАПИСИ
Страна российская федерация
Организация InfoComm
Дата составления 20031117
801 #0 - ИСТОЧНИК ЗАПИСИ
Страна российская федерация
Организация NLR
Правила каталогизации PSBO
852 ## - МЕСТОНАХОЖДЕНИЕ И ШИФР ХРАНЕНИЯ
Идентификатор организации NLR
Шифр хранения (Call Number) 31-19/372
942 ## - ДОПОЛНИТЕЛЬНЫЕ ЭЛЕМЕНТЫ ЗАПИСИ (АБИС)
Тип экземпляра АБИС Выпуск
980 ## - КОЛЛЕКЦИЯ
Название коллекции Национальная библиография
980 ## - КОЛЛЕКЦИЯ
Название коллекции Русская периодика

Нет доступных экземпляров.